Library of the University of Algiers 3
Ibrahim Sultan Cheibout
شعار جامعة الجزائر 3
مكتبة جامعة الجزائر 3
إبراهيم سلطان شيبوط

دراسات في المحاسبة المتخصصة : (رقم التسجيلة. 45207)

تفاصيل مارك
000 -LEADER
fixed length control field 01322nam a2200205Ia 4500
003 - CONTROL NUMBER IDENTIFIER
control field Ost
005 - DATE AND TIME OF LATEST TRANSACTION
control field 20260507075631.0
008 - FIXED-LENGTH DATA ELEMENTS--GENERAL INFORMATION
fixed length control field 260507s9999||||xx |||||||||||||| ||und||
040 ## - CATALOGING SOURCE
Transcribing agency fsecg
041 ## - LANGUAGE CODE
Language code of text/sound track or separate title ara
082 ## - DEWEY DECIMAL CLASSIFICATION NUMBER
Classification number 657.837
100 ## - MAIN ENTRY--PERSONAL NAME
Personal name عطية، هاشم احمد
Relator term مؤلف
245 #0 - TITLE STATEMENT
Title دراسات في المحاسبة المتخصصة :
Remainder of title النظام المحاسبي ونظام محاسبة التكاليف في المنشات الخدمية "الفنادق" /
Statement of responsibility, etc. هاشم احمد عطية
260 ## - PUBLICATION, DISTRIBUTION, ETC.
Place of publication, distribution, etc. الاسكندرية:
Name of publisher, distributor, etc. الدار الجامعية,
Date of publication, distribution, etc. 2002
300 ## - PHYSICAL DESCRIPTION
Extent 329 صفحة؛
Dimensions 24 سم
504 ## - BIBLIOGRAPHY, ETC. NOTE
Bibliography, etc. note المراجع ص.329
520 ## - SUMMARY, ETC.
Summary, etc. تجد في هذا الكتاب : عموميات نظام المعلومات والنشاط الفندقي ، نظام المعلومات خطوات التصميم ، الخصائص المتميزة للنتشاط الفندقي ،الأنشطة والوظائف الفندقية تصميم المجموعات المستندة من النشاط ،التسويقات الجردية والقوائم المالية في النشاط الفندقي ، نظام محاسبة التكاليف في النشاط ، أساليب تقييم الأداء في النشاط الفندقي
653 ## - INDEX TERM--UNCONTROLLED
Uncontrolled term الفنادق-محاسبة
942 ## - ADDED ENTRY ELEMENTS (KOHA)
Koha item type كتب
المقتنيات
Withdrawn status Lost status Source of classification or shelving scheme Damaged status Not for loan Home library Current library Date acquired Serial enumeration / chronology Inventory number Total checkouts Full call number Barcode Date last seen Price effective from Koha item type
    Dewey Decimal Classification   NOT LOAN / إعارة داخلية مكتبة كلية العلوم الإقتصادية والعلوم التجارية وعلوم التسيير مكتبة كلية العلوم الإقتصادية والعلوم التجارية وعلوم التسيير 07/05/2026 الطابق الأرضي 702/1   أ/702ن1 702/1 07/05/2026 07/05/2026 كتب
    Dewey Decimal Classification   Available مكتبة كلية العلوم الإقتصادية والعلوم التجارية وعلوم التسيير مكتبة كلية العلوم الإقتصادية والعلوم التجارية وعلوم التسيير 07/05/2026 الطابق الأرضي 702/2   أ/702ن2 702/2 07/05/2026 07/05/2026 كتب
    Dewey Decimal Classification   Available مكتبة كلية العلوم الإقتصادية والعلوم التجارية وعلوم التسيير مكتبة كلية العلوم الإقتصادية والعلوم التجارية وعلوم التسيير 07/05/2026 الطابق الثاني 702/3   أ/702ن3 702/3 07/05/2026 07/05/2026 كتب

موارد الويب المفتوحة


© University of Algiers 3 All Rights Reserved
|
Implemented by LECHELAH Riad